Majalah Guru (1924-1929) : kajian persuratan terhadap tulisan sejarah Islam /
Saved in:
| Main Author: | |
|---|---|
| Format: | Thesis Book |
| Language: | Malay |
| Subjects: | |
| Online Access: | http://studentsrepo.um.edu.my/id/eprint/5219 |
| Tags: |
Add Tag
No Tags, Be the first to tag this record!
|
| LEADER | 01413cam a2200325 a 4500 | ||
|---|---|---|---|
| 001 | u996541 | ||
| 003 | SIRSI | ||
| 005 | 201305031202 | ||
| 008 | 130503s2014 my a t 000 0 may m | ||
| 040 | |a UMM |d UMA |d AUM |e rda | ||
| 043 | |a a-my-wp | ||
| 090 | |a BP42 |b A2 UM 2014 Noras | ||
| 094 | |a BP42 |b A2 UM 2014 Noras | ||
| 100 | 0 | |a Norlida Abdul Salam. | |
| 245 | 1 | 0 | |a Majalah Guru (1924-1929) : |b kajian persuratan terhadap tulisan sejarah Islam / |c Norlida Abdul Salam. |
| 264 | 1 | |c 2014. | |
| 264 | 4 | |c 2014 | |
| 300 | |a xvi, 203 leaves : |b illustrations ; |c 30 cm. | ||
| 500 | |a Diselia oleh Dr Asyikin Ab. Halim. | ||
| 502 | |b M.Usuluddin |c Jabatan Sejarah Dan Tamadun Islam, Akademi Pengajian Islam, Universiti Malaya, |d 2014. | ||
| 504 | |a Bibliography: leaves 193-203. | ||
| 650 | 0 | |a Islam |x History |x Authorship. | |
| 650 | 0 | |a Islam |x Periodicals |x History. | |
| 710 | 2 | |a Universiti Malaya. |b Jabatan Sejarah dan Tamadun Islam, |e degree granting institution | |
| 856 | 4 | 1 | |u http://studentsrepo.um.edu.my/id/eprint/5219 |
| 596 | |a 12 18 25 | ||
| 900 | |a NSM | ||
| 999 | |a BP42 A2 UM 2014 NORAS |w LC |c 1 |i A515788217 |d 14/7/2014 |f 14/7/2014 |g 1 |l STACKS |m P12ISLAMKL |r Y |s Y |t TESIS |u 14/7/2014 | ||
| 999 | |a BP42 A2 UM 2014 NORAS |w LC |c 1 |i A516279895 |l RESERVES |m P18ISLPURI |r Y |s Y |t TESIS |u 2/5/2016 | ||
| 999 | |a BP42 A2 UM 2014 NORAS |w LC |c 1 |i A517069173 |f 29/9/2022 |g 1 |l STACKS |m P25UMARCHI |r N |s Y |t CD |u 25/6/2019 |1 AHSS |o .STAFF. MST-CD867 | ||
